[Event "Olympiad Women-44"]
[Site "Chennai"]
[Date "2022.08.09"]
[Round "11.4"]
[White "Bagga, Khushi"]
[Black "Prasad, Tanvi"]
[Result "1-0"]
[WhiteElo "1328"]
[BlackElo "1165"]
[PlyCount "67"]
[EventDate "2022.07.29"]
[EventType "team-swiss"]
[EventRounds "11"]
[EventCountry "IND"]
[SourceTitle "CBM 210"]
[Source "ChessBase"]
[SourceDate "2022.10.31"]
[SourceVersion "1"]
[SourceVersionDate "2022.10.31"]
[SourceQuality "1"]
[WhiteTeam "Wales (W)"]
[BlackTeam "Fiji (W)"]
[WhiteTeamCountry "WLS"]
[BlackTeamCountry "FIJ"]

1. e4 e5 2. Nf3 Nf6 3. Nxe5 d6 4. Nf3 Nxe4 5. d3 Nf6 6. Be2 Be7 7. Nc3 Nc6 8. 0-0 0-0 9. d4 d5 10. Ne5 Nxe5 11. dxe5 Ne8 12. Nxd5 c6 13. Nxe7+ Qxe7 14. f4 Bf5 15. Be3 Nc7 16. Bc4 Rfd8 17. Qe2 Nd5 18. Bxd5 Rxd5 19. Qf2 b6 20. Bd4 Qb4 21. c3 Qe7 22. c4 Rd7 23. Be3 Rad8 24. Qf3 Qe6 25. b3 Bg4 26. Qf2 Bf5 27. Rfe1 Rd3 28. Rf1 f6 29. Rae1 fxe5 30. fxe5 g6 31. Bg5 R8d4 32. Be3 Rd7 33. g4 Bxg4 34. Qf8# 1-0

[Event "Online Olym Div3 A"]
[Site "Chess.com INT"]
[Date "2021.08.27"]
[Round "3.3"]
[White "Dorozhkina, Mariya"]
[Black "Prasad, Tanvi"]
[Result "1-0"]
[WhiteElo "1714"]
[BlackElo "1165"]
[PlyCount "61"]
[EventDate "2021.08.27"]
[EventType "team-tourn (rapid)"]
[EventRounds "9"]
[EventCountry "USA"]
[SourceTitle "CBM 204 Extra"]
[Source "ChessBase"]
[SourceDate "2021.11.30"]
[SourceVersion "1"]
[SourceVersionDate "2021.11.30"]
[SourceQuality "1"]
[WhiteTeam "IPCA"]
[BlackTeam "Fiji"]
[BlackTeamCountry "FIJ"]

1. d4 d5 2. c4 dxc4 3. e4 b5 4. a4 c6 5. b3 cxb3 6. axb5 cxb5 7. Bxb5+ Bd7 8. Qxb3 Bxb5 9. Qxb5+ Qd7 10. Qxd7+ Nxd7 11. Ne2 e6 12. 0-0 Ngf6 13. Nbc3 Bb4 14. f3 0-0 15. Ba3 a5 16. Rfb1 Bxa3 17. Rxa3 Ra6 18. Rba1 Rfa8 19. Nc1 Nb6 20. Nb5 Ne8 21. Nd3 a4 22. Nc5 Ra5 23. Nc3 Nc4 24. Rxa4 Rxa4 25. Rxa4 Rxa4 26. N3xa4 Ned6 27. Nc3 g6 28. Kf2 Kg7 29. Ke2 Na5 30. Kd3 Nb3 31. Nxb3 1-0

[Event "Online Olym Div3 A"]
[Site "Chess.com INT"]
[Date "2021.08.27"]
[Round "2.3"]
[White "Prasad, Tanvi"]
[Black "Chua, Jia Tien"]
[Result "0-1"]
[WhiteElo "1165"]
[BlackElo "1822"]
[PlyCount "52"]
[EventDate "2021.08.27"]
[EventType "team-tourn (rapid)"]
[EventRounds "9"]
[EventCountry "USA"]
[SourceTitle "CBM 204 Extra"]
[Source "ChessBase"]
[SourceDate "2021.11.30"]
[SourceVersion "1"]
[SourceVersionDate "2021.11.30"]
[SourceQuality "1"]
[WhiteTeam "Fiji"]
[BlackTeam "Malaysia"]
[WhiteTeamCountry "FIJ"]
[BlackTeamCountry "MAS"]

1. d4 Nf6 2. c4 g6 3. Nc3 Bg7 4. e4 d6 5. h3 Nc6 6. Nf3 0-0 7. Be3 e5 8. d5 Ne7 9. Bd3 Nd7 10. 0-0 h6 11. Qd2 Kh7 12. Nh2 Ng8 13. Ng4 f5 14. exf5 gxf5 15. Qe2 Kh8 16. Nh2 f4 17. Bd2 Nc5 18. Bc2 Qh4 19. Ne4 Nxe4 20. Qxe4 Bf5 21. Nf3 Qh5 22. g4 fxg3 23. Qe3 g2 24. Kxg2 Bxh3+ 25. Kg1 Qg4+ 26. Kh2 Qg2# 0-1

[Event "Online Olym Base A"]
[Site "Chess.com INT"]
[Date "2020.07.27"]
[Round "8.1"]
[White "Prasad, Tanvi"]
[Black "Moe, Thu Aung"]
[Result "0-1"]
[WhiteElo "1148"]
[BlackElo "1164"]
[PlyCount "80"]
[EventDate "2020.07.25"]
[EventType "team-tourn (rapid)"]
[EventRounds "9"]
[EventCountry "USA"]
[SourceTitle "CBM 198"]
[Source "ChessBase"]
[SourceDate "2020.10.31"]
[SourceVersion "1"]
[SourceVersionDate "2020.10.31"]
[SourceQuality "1"]
[WhiteTeam "Fiji"]
[BlackTeam "Myanmar"]
[WhiteTeamCountry "FIJ"]
[BlackTeamCountry "MYA"]

1. d4 d5 2. c4 c6 3. Nc3 Nf6 4. Bg5 e6 5. Nf3 h6 6. Bh4 Be7 7. e3 b6 8. a3 Bb7 9. Bd3 Nbd7 10. 0-0 0-0 11. Bc2 dxc4 12. b3 cxb3 13. Bxb3 c5 14. Qd3 cxd4 15. Nxd4 Nc5 16. Qc2 Nfe4 17. Nxe4 Bxe4 18. Qc3 Bxh4 19. f3 Bg6 20. g3 Bf6 21. Ba2 Rc8 22. Qd2 Nd3 23. Bb1 Bxd4 24. exd4 Qxd4+ 25. Kg2 Qxa1 26. Bxd3 Qd4 27. Rd1 Rfd8 28. Ba6 Qxd2+ 29. Rxd2 Rxd2+ 30. Kh3 Rcc2 31. g4 Rxh2+ 32. Kg3 e5 33. f4 exf4+ 34. Kxf4 Bh7 35. Bb7 Rce2 36. Kf3 Rhf2+ 37. Kg3 g5 38. Kh3 f5 39. a4 Re3+ 40. Bf3 Rexf3# 0-1

[Event "Fiji op 2nd"]
[Site "Suva"]
[Date "2016.08.17"]
[Round "7"]
[White "Prasad, Tanvi"]
[Black "Adricula, Noel A"]
[Result "1-0"]
[WhiteElo "1312"]
[BlackElo "1664"]
[PlyCount "29"]
[EventDate "2016.08.14"]
[EventType "swiss"]
[EventRounds "7"]
[EventCountry "FIJ"]
[SourceTitle "CBM 174 Extra"]
[Source "ChessBase"]
[SourceDate "2016.10.10"]
[SourceVersion "1"]
[SourceVersionDate "2016.10.10"]
[SourceQuality "1"]

1. e4 c5 2. Nf3 d6 3. d4 cxd4 4. Nxd4 Nf6 5. Nc3 g6 6. g3 Bg7 7. Bg2 0-0 8. 0-0 a6 9. Be3 Ng4 10. Qd2 Re8 11. Rad1 Nd7 12. Nf3 Nxe3 13. Qxe3 Rb8 14. Rfe1 b5 15. b4 1-0

[Event "Fiji op 2nd"]
[Site "Suva"]
[Date "2016.08.15"]
[Round "3"]
[White "Prasad, Tanvi"]
[Black "Terubea, Tianata"]
[Result "0-1"]
[WhiteElo "1312"]
[BlackElo "1659"]
[PlyCount "102"]
[EventDate "2016.08.14"]
[EventType "swiss"]
[EventRounds "7"]
[EventCountry "FIJ"]
[SourceTitle "CBM 174 Extra"]
[Source "ChessBase"]
[SourceDate "2016.10.10"]
[SourceVersion "1"]
[SourceVersionDate "2016.10.10"]
[SourceQuality "1"]

1. e4 e5 2. Nf3 Nc6 3. Nc3 Bc5 4. Bb5 Nd4 5. Nxd4 Bxd4 6. 0-0 Nf6 7. d3 a6 8. Bc4 b5 9. Bb3 d6 10. a4 b4 11. Ne2 Bb6 12. Bg5 h6 13. Bxf6 Qxf6 14. Bd5 Rb8 15. Qe1 Qe7 16. c3 a5 17. d4 0-0 18. Rb1 Qg5 19. Qd1 Bh3 20. Ng3 Be6 21. f3 Bxd5 22. exd5 Qe3+ 23. Kh1 exd4 24. cxd4 Qxd4 25. Qxd4 Bxd4 26. Ne2 Bc5 27. Rbc1 Rfe8 28. Nf4 Be3 29. Rc4 Bxf4 30. Rxf4 Re2 31. b3 Rbe8 32. h3 Rb2 33. Rc4 c5 34. Re4 Rxe4 35. fxe4 Rxb3 36. Rd1 f6 37. g4 Rxh3+ 38. Kg2 Ra3 39. Rh1 b3 40. Rb1 c4 41. Kf2 c3 42. Ke2 c2 43. Rc1 b2 44. Rxc2 b1Q 45. Rd2 Qxe4+ 46. Kf1 Rf3+ 47. Rf2 Re3 48. Kg1 Qxg4+ 49. Kf1 Qh3+ 50. Kg1 Re1+ 51. Rf1 Rxf1# 0-1